<?xml version="1.0" encoding="UTF-8"?>
<record
    xmlns:xsi="http://www.w3.org/2001/XMLSchema-instance"
    xsi:schemaLocation="http://www.loc.gov/MARC21/slim http://www.loc.gov/standards/marcxml/schema/MARC21slim.xsd"
    xmlns="http://www.loc.gov/MARC21/slim">

  <leader>01005nam a22001457a 4500</leader>
  <controlfield tag="008">180718b        xxu||||| |||| 00| 0 eng d</controlfield>
  <datafield tag="020" ind1=" " ind2=" ">
    <subfield code="a">8448222857</subfield>
  </datafield>
  <datafield tag="082" ind1=" " ind2=" ">
    <subfield code="a">707.4</subfield>
    <subfield code="b">B225m</subfield>
  </datafield>
  <datafield tag="100" ind1=" " ind2=" ">
    <subfield code="a">De Bara&#xF1;ano, Kosme</subfield>
    <subfield code="9">6541</subfield>
  </datafield>
  <datafield tag="245" ind1=" " ind2=" ">
    <subfield code="a">Miquel Navarro</subfield>
  </datafield>
  <datafield tag="260" ind1=" " ind2=" ">
    <subfield code="a">Valencia, Espa&#xF1;a</subfield>
    <subfield code="b">Generalitat Valenciana</subfield>
    <subfield code="c">1999</subfield>
  </datafield>
  <datafield tag="300" ind1=" " ind2=" ">
    <subfield code="a">221 p.</subfield>
    <subfield code="b">ill (col)</subfield>
    <subfield code="c">30 cm</subfield>
  </datafield>
  <datafield tag="505" ind1=" " ind2=" ">
    <subfield code="t">Escultura y fragmentaci&#xF3;n: La escultura del fin de Siglo / La fragmentaci&#xF3;n / La horizontalidad / La escala / El sentido del tacto / El paisaje urbano / Torso y monumento / El dibujo / Estructura y geometr&#xED;a / Construcci&#xF3;n e instalaci&#xF3;n / Ciudad y siglo XX / Claves de la ciudad de Navarro</subfield>
    <subfield code="t">El paisaje de la ciudad</subfield>
    <subfield code="t">Antecedentes de la ciudad en el arte</subfield>
    <subfield code="t">Composici&#xF3;n y escultura: Desarrollo y despliegue / Organismo y composici&#xF3;n / Poema de la construcci&#xF3;n</subfield>
    <subfield code="t">Biograf&#xED;a</subfield>
    <subfield code="t">Obra en museos y colecciones p&#xFA;blicas</subfield>
  </datafield>
  <datafield tag="650" ind1=" " ind2=" ">
    <subfield code="2">Arte contempor&#xE1;neo</subfield>
    <subfield code="x">Arte - exhibiciones</subfield>
    <subfield code="x">Arte - exhibiciones itinerantes</subfield>
    <subfield code="x">Escultura</subfield>
    <subfield code="x">Escultura - exhibiciones</subfield>
    <subfield code="9">6542</subfield>
  </datafield>
  <datafield tag="999" ind1=" " ind2=" ">
    <subfield code="c">1558</subfield>
    <subfield code="d">1558</subfield>
  </datafield>
  <datafield tag="952" ind1=" " ind2=" ">
    <subfield code="0">0</subfield>
    <subfield code="1">0</subfield>
    <subfield code="2">ddc</subfield>
    <subfield code="4">0</subfield>
    <subfield code="7">0</subfield>
    <subfield code="a">LV</subfield>
    <subfield code="b">LV</subfield>
    <subfield code="c">Monograf&#xED;as</subfield>
    <subfield code="d">2018-07-18</subfield>
    <subfield code="l">0</subfield>
    <subfield code="o">707.4 B225m</subfield>
    <subfield code="p">001094</subfield>
    <subfield code="r">2018-07-18 00:00:00</subfield>
    <subfield code="w">2018-07-18</subfield>
    <subfield code="y">01</subfield>
  </datafield>
</record>
